Complete Abolition of Child Labour A Possibility/ (Record no. 202808)
[ view plain ]
| 000 -LEADER | |
|---|---|
| fixed length control field | 00656 a2200193 4500 |
| 005 - DATE AND TIME OF LATEST TRANSACTION | |
| control field | 20240510142054.0 |
| 010 ## - LCCN (DPL NO) | |
| LC control number | B-758895 |
| 020 ## - INTERNATIONAL STANDARD BOOK NUMBER | |
| Terms of availability | 475.00 |
| International Standard Book Number | 8178271621 |
| 035 ## - SYSTEM CONTROL NUMBER | |
| System control number | B-758895 |
| 037 ## - SOURCE OF ACQUISITION | |
| Source of stock number/acquisition | Gift/Unesco |
| 082 ## - DEWEY DECIMAL CLASSIFICATION NUMBER | |
| Classification number | 331.30954 |
| Edition number | 1 |
| 100 ## - MAIN ENTRY--PERSONAL NAME | |
| Personal name | Jain, Mahaveer |
| 245 ## - TITLE STATEMENT | |
| Title | Complete Abolition of Child Labour A Possibility/ |
| Statement of responsibility, etc | Mahaveer Jain |
| 260 ## - PUBLICATION, DISTRIBUTION, ETC. (IMPRINT) | |
| Place of publication, distribution, etc | New Delhi |
| Name of publisher, distributor, etc | Manak Publication Pvt. Ltd. |
| Date of publication, distribution, etc | 2006 |
| 270 ## - ADDRESS | |
| Address | B-7, Saraswati Complex Subash Chowk Luxmi Nagar |
| City | New Delhi |
| Postal code | 110092 |
| 300 ## - PHYSICAL DESCRIPTION | |
| Extent | 162 p. |
| Dimensions | 22cm (Hb) |
| 942 ## - ADDED ENTRY ELEMENTS (KOHA) | |
| Institution code [OBSOLETE] | dpl |
| Item type | English Books |
| Source of classification or shelving scheme | Dewey Decimal Classification |
| Classification part | 331.30954 |
| Call number suffix | Jai |
| Edition | 1 |
| Withdrawn status | Lost status | Not for loan | Collection code | Home library | Current library | Date acquired | Source of acquisition | Cost, normal purchase price | Full call number | Barcode | Copy number | Cost, replacement price | Koha item type | Public note |
|---|---|---|---|---|---|---|---|---|---|---|---|---|---|---|
| Non-fiction | Shahdara Branch | Shahdara Branch | 10/05/2024 | Gift/29.4.24 | 475.00 | 331.30954 Jai | B-758895 | 1 | 475.00 | English Books | Gift |
